| 000 | 00832cam a2200241 a 4500 | ||
|---|---|---|---|
| 001 | 3523578 | ||
| 005 | 20180209072509.0 | ||
| 008 | 960220s1996 ctua b 001 0 eng | ||
| 010 | _a 96010376 | ||
| 020 | _a0865692505 (alk. paper) | ||
| 040 |
_aDLC _cDLC _dDLC |
||
| 041 | _aeng | ||
| 043 | _an-us--- | ||
| 080 | _a613/.04244/ COL | ||
| 082 | 0 | 0 |
_a613/.04244/ COL _220 |
| 100 | _a50 | ||
| 101 | _aSPC | ||
| 245 | 0 | 0 |
_aAfrican-American women's health and social issues / _cedited by Catherine Fisher Collins ; foreword by Vivian W. Pinn. |
| 504 | _aIncludes bibliographical references (p. [215]-219) and index. | ||
| 906 |
_a7 _bcbc _corignew _d1 _eocip _f19 _gy-gencatlg |
||
| 942 |
_2ddc _cBK |
||
| 999 |
_c42258 _d42258 |
||